000 00375nam a22001337a 4500
040 _cFIZZA ISHAQ
082 _a692.8
_bRIC
100 _aSCARS, A. GLEMN CLOUGH H. RICHARD.
_986135
245 _aCONSTRUCTION CONTRACTING /
_cRICHARD H. SCARS, A. GLEMN CLOUGH .
250 _a8th ED.
260 _aCANADA :
_bJHON WILEY SON,
_c2015.
300 _a341 P. ;
942 _2ddc
_cBK
999 _c587250
_d587250